01622nam a2200433 i 450000100060000000300080000600500170001400600190003100700150005000800410006502000180010602000280012403500220015204000310017405000210020508000150022608200160024110000260025724500890028326401240037230000410049633600310053733700330056833800430060158800830064459001620072760000390088965000250092865000240095365000240097765000170100165000160101865000150103465000140104965500270106379700190109085600620110999900170117130271FINmELB20241216220548.0m o d | cr cnu||||||||190610s2017 mx o 000 0 spa d z9786078559251 a9781512953039q(e-book) a(OCoLC)1145101689 aFINmELBbspaerdacFINmELB 4aHB501bV212 2017 a330.342.140 a330.1222231 aValqui Cachi, Camilo.10aKarl Marx :bfin del capitalismo y los tiempos del comunismo /cCamilo Valqui Cachi. 1aMéxico, D.F. :bEdiciones y Gráficos Eón ;aChilpancingo, Guerrero :bUniversidad Autónoma del Guerrero,c2017. a1 recurso en línea (302 páginas) atextobtxt2rdacontent/spa acomputadorabc2rdamedia/spa arecurso en líneabcr2rdacarrier/spa aDescripción basada en metadatos suministrados por el editor y otras fuentes. aRecurso electrónico. Santa Fe, Arg.: elibro, 2020. Disponible vía World Wide Web. El acceso puede estar limitado para las bibliotecas afiliadas a elibro.10aMarx, Karl,d1818-1883xInfluence. 0aCapitalismxHistory. 0aSocialismxHistory. 0aCommunismxHistory. 4aCapitalismo. 4aSocialismo. 4aComunismo. 4aHistoria. 4aLibros electrónicos.2 ae-libro, Corp.40uhttps://elibro.net/ereader/politecnicointernacional/40976 c30271d30271